00581nam a2200205 i 4500001001100000003000500011005001700016008004100033040002500074082001200099090001700111245004300128264008400171300002400255336002100279337002500300338002300325942001000348999001700358C2-0281082PPAK20180728011815.0070801s2000 my |||| ||||| | may d aPPAKbengcPPAKerda04a32022300a320bPOLdKK00aPolitik (Keratan Akhbar Koleksi Kedah) 1aAlor Setar, Kedah : bPerbadanan Perpustakaan Awam Kedah , c2000 (Jan - April) a131 pages ; c33 cm 2rdacontentatext 2rdamediaaunmediated 2rdacarrieravolume ddccB c87503d87503